Statistiques concernant Dix pour cent : Guest Stars

Cliquez ici pour prendre le quiz!

Statistiques générales

  • Ce quiz a été pris 85 fois
  • Le résultat moyen est 11 sur 15

Statistiques - réponses

HintRéponse% Correct
Il est tellement imprégné de son rôle de soldat de 14 qu'il ne dort plus que dans une tente au fond du jardinJean Dujardin
93%
Elles refusent un tournage qui les intéresse pour ne pas compromettre leur relation mère- filleNathalie Baye et Laura Smet
90%
En concurrence pour un rôle, elles finissent par tourner un polar "gériatro-lesbien" qui satisfait tout le mondeLine Renaud et Françoise Fabian
85%
Lassé de n'être que chanteur, il se lance dans la réalisation d'un film "écologico-érotique"Julien Doré
82%
Il voulait absolument jouer un méchant dans un James Bond, mais cela lui est refuséFabrice Luchini
81%
Il veut sortir de son rôle de comique et tourner dans des films dramatiques. Mais c'est difficile de changer d'imageFranck Dubosc
81%
Il doit passer son permis sans faute pour un rôle mais conduit en état d'ivressele youtubeur Norman
81%
Vaincu par l'âge, il a des absences et oublie ses répliques. Il faut tromper les assurancesGuy Marchand
75%
Elle doit trop d'argent aux impôts et accepte n'importe quels rôles ou prestationsAudrey Fleurot
73%
Elle recherche un "homme ordinaire", pas impressionné par l'actriceMonica Bellucci
71%
Elle est boulimique de tournages et s'engage pour plusieurs à la fois. Son agent doit l'aider à jonglerIsabelle Huppert
70%
Elle a accepté de tourner dans un film de science-fiction écrit par son meilleur ami, mais c'est un parfait navet. Comment l'annuler sans le vexer ?Charlotte Gainsbourg
68%
Un réalisateur exige qu'elle fasse de la chirurgie esthétique, mais elle hésite..Cécile de France
66%
Juste avant de monter sur scène au Festival de Cannes, elle est ennuyée par un producteur indélicat et déchire sa robe. mais elle retourne la situation avec humourJuliette Binoche
66%
Elle se met en tête de délaisser le cinéma et de se lancer dans le stand-up comiqueSandrine Kimberlain
63%

Distribution des résultats

Percentile par nombre de réponses

% des personnes avec chaque résultat

Votre développement - résultats

Vous n’avez pas pris ce quiz